Loading...
| Social Science | 0 | 4 | 0 | 0 | 40 | 26 | 56.50 | 1 | 1 | 23.24 | 28.33 |
| Science - Chemistry | 0 | 4 | 2 | 0 | 30 | 49 | 70.75 | 0 | 1 | 13.26 | 25.83 |
| Science - Biology | 0 | 4 | 3 | 0 | 25 | 20 | 43.25 | 2 | 2 | 20.56 | 23.97 |
| Science - Physics | 0 | 3 | 1 | 0 | 25 | 14 | 43.67 | 1 | 1 | 15.97 | 19.83 |
| History - American | 0 | 2 | 0 | 0 | 20 | 43 | 44.00 | 0 | 0 | 10.74 | 7.58 |
| Mythology | 0 | 1 | 0 | 0 | 10 | 44 | 44.00 | 0 | 1 | 5.45 | 6.82 |
| Philosophy | 0 | 1 | 0 | 1 | 10 | 106 | 106.00 | 0 | 0 | 0.00 | 1.01 |
| Literature - British | 0 | 1 | 0 | 0 | 10 | 67 | 67.00 | 0 | 0 | 3.60 | 1.82 |
| History - European | 0 | 1 | 0 | 0 | 10 | 61 | 61.00 | 0 | 1 | 3.86 | 7.58 |
| History - World | 0 | 1 | 0 | 0 | 10 | 19 | 19.00 | 1 | 1 | 7.48 | 9.09 |
| Literature - American | 0 | 1 | 0 | 0 | 10 | 87 | 87.00 | 0 | 0 | 2.39 | 6.06 |
| Literature - World | 0 | 1 | 0 | 0 | 10 | 90 | 90.00 | 0 | 0 | 1.37 | 2.48 |
| Fine Arts - Classical Music | 0 | 1 | 1 | 1 | 5 | 126 | 126.00 | 0 | 0 | 0.14 | 2.27 |
| History - Other | 0 | 0 | 1 | 0 | -5 | 0.00 | 0 | 0 | 0.00 | 0.00 | |
| Science - Other | 0 | 0 | 1 | 0 | -5 | 0.00 | 0 | 0 | 0.00 | 0.00 | |
| Fine Arts - Other | 0 | 0 | 1 | 0 | -5 | 0.00 | 0 | 0 | 0.00 | 0.00 | |
| Geography | 0 | 0 | 2 | 0 | -10 | 0.00 | 0 | 0 | 0.00 | 0.00 |